• 首页
  • 本馆介绍
  • 公告通知
  • 最新文献
  • 馆藏检索
  • 电子资源
  • 读者导购
  • 参考咨询
  • 我的图书馆
  • 登录
  • 详细信息显示
  • 放入我的书架
  • 预约/预借图书
  • 作者相关作品
  • 分类相关作品
  • 丛书相关作品
  • 出版社相关作品

书目信息

  • 表格格式
  • 工作单格式
  • 卡片格式
题名:
吕氏春秋
    
 
作者: 吕不韦 编
分册: 一  
出版信息: 出版发行地不详   出版发行者不详  出版发行日期不详
页数: 1册
开本: 29.6*17.5cm
丛书名:
单 册:
中图分类: B229.2
科图分类:
主题词: 先秦哲学
电子资源:
ISBN:
000 00569nam0 2200193 450
001 0633369187
005 20061031092000.50
010    @b线装@dCNY1.50
100    @a20061031d km y0chiy0120 ea
101 0  @achi
200 1  @a吕氏春秋@Alu shi chun qiu@h一@f(战国)吕不韦等编@F(zhan guo)lu bu wei deng bian
210    @a出版发行地不详@c出版发行者不详@d出版发行日期不详
215    @a1册@d29.6*17.5cm
300    @a共二十六卷,2册一函
606 0  @a先秦哲学
690    @aB229.2@v3
701  0 @a吕不韦@Alu bu wei@4编
801  0 @aCN@bPFT@c20061031
905    @a10447@dB229.2@e28:1
    
    吕氏春秋.一/(战国)吕不韦等编.-出版发行地不详:出版发行者不详,出版发行日期不详
    1册;29.6*17.5cm
    共二十六卷,2册一函
    
    ISBN (线装):CNY1.50
    
●
相关链接 在E读中查询图书 在五车中查询图书 在当当中查询图书 在豆瓣中查询图书


正题名:吕氏春秋     索取号:B229.2/28:1         预约/预借

序号 登录号 条形码 馆藏地/架位号 状态 备注
1 0266062   202434124   古籍典藏专区/ [索取号:B229.2/28:1] 在馆    
唐山师范学院图书馆 欢迎您!
大连网信软件有限公司© 版权所有